000 00369nam a2200133Ia 4500
008 231129s9999||||xx |||||||||||||| ||spa||
020 _a968-422-692-6 (v.1
040 _bspa
082 _aR 530.3 P243d
100 _aParker Sybil P.
245 0 _aDiccionario McGraw-Hill de fisica
264 _aMéxico : McGraw-Hill
942 _2ddc
_cBKS
999 _c9481
_d9481